书目信息 |
| 题名: |
国际战争中的大众传播
|
|
| 作者: | 刘继南 , 周积华 , 段鹏 著 | |
| 分册: | ||
| 出版信息: | 北京 北京广播学院出版社 2004.09 |
|
| 页数: | 367页 | |
| 开本: | 25cm | |
| 丛书名: | 国际关系学书系 | |
| 单 册: | ||
| 中图分类: | G206.3 | |
| 科图分类: | ||
| 主题词: | 战争--大众传播--传播学 | |
| 电子资源: | ||
| ISBN: | 7-81085-333-3 | |
| 000 | 01112nam 2200289 450 | |
| 001 | 192004001278 | |
| 005 | 20070914161228.29 | |
| 010 | @a7-81085-333-3@dCNY45.00 | |
| 100 | @a20070531d2004 ekmy0chiy0121 ea | |
| 101 | 0 | @achi |
| 102 | @aCN@b110000 | |
| 105 | @ay z 000yy | |
| 200 | 1 | @a国际战争中的大众传播@Aguo ji zhan zheng zhong de da zhong chuan bo@d= The mass media in the international war@f刘继南, 周积华, 段鹏等著@zeng |
| 210 | @a北京@c北京广播学院出版社@d2004.09 | |
| 215 | @a367页@d25cm | |
| 225 | 2 | @a国际关系学书系@Aguo ji guan xi xue shu xi |
| 300 | @a并列题名:The mass media in the international war | |
| 330 | @a本书从对战争的基本认识、战争传播的沿革、战争传播的要素、战时新闻检查制度、战争传播的发展趋势、战地记者等视角对战争传播进行了较全面系统的考察和分析。 | |
| 410 | 0 | @12001 @a国际关系学书系 |
| 510 | 1 | @aThe mass media in the international war@zeng |
| 606 | 0 | @a战争@x大众传播@x传播学 |
| 690 | @aG206.3@v4 | |
| 701 | 0 | @a刘继南@Aliu ji nan@4著 |
| 701 | 0 | @a周积华@Azhou ji hua@4著 |
| 701 | 0 | @a段鹏@Aduan peng@4著 |
| 801 | 0 | @aCN@c20070914 |
| 905 | @dG206.3@eL634 | |
| 国际战争中的大众传播= The mass media in the international war/刘继南, 周积华, 段鹏等著.-北京:北京广播学院出版社,2004.09 |
| 367页;25cm.-(国际关系学书系) |
| 并列题名:The mass media in the international war |
| ISBN 7-81085-333-3:CNY45.00 |
| 本书从对战争的基本认识、战争传播的沿革、战争传播的要素、战时新闻检查制度、战争传播的发展趋势、战地记者等视角对战争传播进行了较全面系统的考察和分析。 |
| ● |
| 相关链接 |
|
|
|
正题名:国际战争中的大众传播
索取号:G206.3/L634
 
预约/预借
| 序号 | 登录号 | 条形码 | 馆藏地/架位号 | 状态 | 备注 |
| 1 | 624250 | 206242500 | 社科库409/409社科库 57排3列5层/ [索取号:G206.3/L634] | 在馆 | |
| 2 | 624251 | 206242519 | 社科库409/309社科库 84排2列5层/ [索取号:G206.3/L634] | 在馆 | |
| 3 | 624252 | 206242528 | 社科库409/409社科库 57排3列5层/ [索取号:G206.3/L634] | 在馆 |